مكتبة جامعة عجلون الوطنية

فهرس بحث المكتبة

Normal view MARC view
  • القانون الإداري -- البحرين -- الإدارة العامة -- قوانين وتشريعات -- البحرين

Entry Topical Term

Number of records used in: 1

001 - CONTROL NUMBER

  • control field: 53116

003 - CONTROL NUMBER IDENTIFIER

  • control field: JO-AjAnu

005 - DATE AND TIME OF LATEST TRANSACTION

  • control field: 20230606082727.0

008 - FIXED-LENGTH DATA ELEMENTS

  • fixed length control field: 230606|| aca||aabn | a|a d

040 ## - CATALOGING SOURCE

  • Original cataloging agency: JO-AjAnu
  • Transcribing agency: JO-AjAnu

150 ## - HEADING--TOPICAL TERM

  • Topical term or geographic name entry element: القانون الإداري -- البحرين -- الإدارة العامة -- قوانين وتشريعات -- البحرين

670 ## - SOURCE DATA FOUND

  • Source citation: Work cat.: (JO-AjAnu)27138: شيحا، إبراهيم عبد العزيز, author 53115, القانون الإداري البحريني : ماهية القانون الإداري - تنظيم الإدارة العامة - نشاط الإدارة العامة